[Event "Ceske Budejovice op-B"]
[Site "Ceske Budejovice"]
[Date "2020.07.09"]
[Round "9"]
[White "Kotleska, Roman"]
[Black "Chval, Petr"]
[Result "1-0"]
[WhiteElo "1521"]
[BlackElo "1926"]
[PlyCount "69"]
[EventDate "2020.07.01"]
[EventType "swiss"]
[EventRounds "9"]
[EventCountry "CZE"]
[SourceTitle "CBM 197 Extra"]
[Source "ChessBase"]
[SourceDate "2020.09.30"]
[SourceVersion "1"]
[SourceVersionDate "2020.09.30"]
[SourceQuality "1"]

1. e4 c5 2. Nf3 e6 3. d4 cxd4 4. Nxd4 a6 5. Bd3 Qc7 6. Qe2 d6 7. Be3 Nf6 8. c4 Nbd7 9. Nc3 Be7 10. 0-0 b6 11. Rac1 0-0 12. b3 Bb7 13. f3 Rac8 14. Qf2 Rfe8 15. Bb1 Qb8 16. Nde2 d5 17. cxd5 exd5 18. exd5 Nxd5 19. Nxd5 Bxd5 20. Nc3 Be6 21. Ne4 h6 22. Bd4 b5 23. Qb2 Bf8 24. Kh1 Qf4 25. Rcd1 h5 26. g3 Qh6 27. h4 Nc5 28. Ng5 Be7 29. Nxe6 Nxe6 30. Be5 Red8 31. f4 f6 32. Bc3 Rxd1 33. Rxd1 Rd8 34. Re1 Kf7 35. Qe2 1-0

[Event "CZE-chT2A 1112"]
[Site "Czech Republic"]
[Date "2012.02.19"]
[Round "8.4"]
[White "Chval, Petr"]
[Black "Jandecka, Tomas"]
[Result "0-1"]
[WhiteElo "1953"]
[BlackElo "2196"]
[PlyCount "50"]
[EventDate "2011.10.09"]
[EventType "team-tourn"]
[EventRounds "11"]
[EventCountry "CZE"]
[SourceTitle "EXT 2013"]
[Source "ChessBase"]
[SourceDate "2012.11.22"]
[SourceVersion "1"]
[SourceVersionDate "2012.11.22"]
[SourceQuality "1"]
[WhiteTeam "Jindrichuv Hradec"]
[BlackTeam "Zizkov"]
[WhiteTeamCountry "CZE"]
[BlackTeamCountry "CZE"]

1. e4 d5 2. Nc3 dxe4 3. Nxe4 Nc6 4. Bb5 Qd5 5. Qe2 Bf5 6. Bxc6+ Qxc6 7. d3 Nf6 8. Nxf6+ gxf6 9. Qf3 Bd7 10. Qxc6 Bxc6 11. f3 Rg8 12. Kf2 e5 13. Be3 f5 14. Re1 0-0-0 15. g3 Bg7 16. Ne2 e4 17. dxe4 fxe4 18. c3 exf3 19. Ng1 Rd6 20. Bf4 Rf6 21. Re7 Rxf4 22. gxf4 Bf6 23. Rxf7 Bh4+ 24. Ke3 Re8+ 25. Kd2 f2 0-1

[Event "CZE-chT2A 1112"]
[Site "Czech Republic"]
[Date "2011.10.09"]
[Round "1"]
[White "Chval, Petr"]
[Black "Orsagova, Silvie"]
[Result "1/2-1/2"]
[WhiteElo "1953"]
[BlackElo "2182"]
[PlyCount "39"]
[EventDate "2011.10.09"]
[EventType "team-tourn"]
[EventRounds "11"]
[EventCountry "CZE"]
[SourceTitle "EXT 2013"]
[Source "ChessBase"]
[SourceDate "2012.11.22"]
[SourceVersion "1"]
[SourceVersionDate "2012.11.22"]
[SourceQuality "1"]
[WhiteTeam "Jindrichuv Hradec"]
[BlackTeam "Praha Dukla"]
[WhiteTeamCountry "CZE"]
[BlackTeamCountry "CZE"]

1. e4 d5 2. exd5 Qxd5 3. Nc3 Qa5 4. d4 c6 5. Nf3 Nf6 6. Bd2 Bf5 7. Bc4 e6 8. 0-0 Bb4 9. Re1 0-0 10. a3 Bxc3 11. Bxc3 Qc7 12. b4 Nbd7 13. Bb2 Rfd8 14. Qe2 Qf4 15. h3 Nd5 16. Bb3 Qc7 17. Rad1 Nf4 18. Qe3 Nd5 19. Qe2 Nf4 20. Qe3 1/2-1/2